<?xml version="1.0" encoding="UTF-8"?>
<record
    xmlns:xsi="http://www.w3.org/2001/XMLSchema-instance"
    xsi:schemaLocation="http://www.loc.gov/MARC21/slim http://www.loc.gov/standards/marcxml/schema/MARC21slim.xsd"
    xmlns="http://www.loc.gov/MARC21/slim">

  <leader>00611nam a22001937a 4500</leader>
  <controlfield tag="003">OSt</controlfield>
  <controlfield tag="005">20260506162103.0</controlfield>
  <controlfield tag="008">260506b        |||||||| |||| 00| 0 eng d</controlfield>
  <datafield tag="040" ind1=" " ind2=" ">
    <subfield code="c">Chuka University</subfield>
  </datafield>
  <datafield tag="050" ind1=" " ind2=" ">
    <subfield code="a">THE PS 356</subfield>
    <subfield code="b">.G58 2024</subfield>
  </datafield>
  <datafield tag="100" ind1=" " ind2=" ">
    <subfield code="a">James Gitonga</subfield>
    <subfield code="9">23981</subfield>
  </datafield>
  <datafield tag="245" ind1=" " ind2=" ">
    <subfield code="a">Racial contestations in the black lives matter movements: Ther memoir approach</subfield>
  </datafield>
  <datafield tag="260" ind1=" " ind2=" ">
    <subfield code="a">Chuka,Kenya</subfield>
    <subfield code="b">Chuka University</subfield>
    <subfield code="c">2024</subfield>
  </datafield>
  <datafield tag="300" ind1=" " ind2=" ">
    <subfield code="a">123P</subfield>
  </datafield>
  <datafield tag="650" ind1=" " ind2=" ">
    <subfield code="a">1. Black lives matter</subfield>
    <subfield code="9">23997</subfield>
  </datafield>
  <datafield tag="650" ind1=" " ind2=" ">
    <subfield code="a">2. African American civil rights</subfield>
    <subfield code="9">23998</subfield>
  </datafield>
  <datafield tag="650" ind1=" " ind2=" ">
    <subfield code="a">3. Critism and interpretation</subfield>
    <subfield code="9">23999</subfield>
  </datafield>
  <datafield tag="942" ind1=" " ind2=" ">
    <subfield code="2">lcc</subfield>
    <subfield code="c">THE</subfield>
    <subfield code="n">0</subfield>
  </datafield>
  <datafield tag="952" ind1=" " ind2=" ">
    <subfield code="0">0</subfield>
    <subfield code="1">0</subfield>
    <subfield code="2">lcc</subfield>
    <subfield code="4">0</subfield>
    <subfield code="7">1</subfield>
    <subfield code="8">T&amp;D</subfield>
    <subfield code="a">CHK</subfield>
    <subfield code="b">PG</subfield>
    <subfield code="c">RES</subfield>
    <subfield code="d">2026-05-06</subfield>
    <subfield code="l">0</subfield>
    <subfield code="o">THE PS 356 .G58 2024</subfield>
    <subfield code="p">25895/2025</subfield>
    <subfield code="r">2026-05-06 14:25:37</subfield>
    <subfield code="t">C.1</subfield>
    <subfield code="w">2026-05-06</subfield>
    <subfield code="y">THE</subfield>
  </datafield>
  <datafield tag="952" ind1=" " ind2=" ">
    <subfield code="0">0</subfield>
    <subfield code="1">0</subfield>
    <subfield code="2">lcc</subfield>
    <subfield code="4">0</subfield>
    <subfield code="7">1</subfield>
    <subfield code="8">T&amp;D</subfield>
    <subfield code="a">CHK</subfield>
    <subfield code="b">EMB</subfield>
    <subfield code="c">GEN</subfield>
    <subfield code="d">2026-05-06</subfield>
    <subfield code="l">0</subfield>
    <subfield code="o">THE PS 356 .G58 2024</subfield>
    <subfield code="p">25897/2025</subfield>
    <subfield code="r">2026-05-06 14:25:37</subfield>
    <subfield code="t">C.2</subfield>
    <subfield code="w">2026-05-06</subfield>
    <subfield code="y">THE</subfield>
  </datafield>
  <datafield tag="952" ind1=" " ind2=" ">
    <subfield code="0">0</subfield>
    <subfield code="1">0</subfield>
    <subfield code="2">lcc</subfield>
    <subfield code="4">0</subfield>
    <subfield code="7">1</subfield>
    <subfield code="8">T&amp;D</subfield>
    <subfield code="a">CHK</subfield>
    <subfield code="b">CHG</subfield>
    <subfield code="c">RES</subfield>
    <subfield code="d">2026-05-06</subfield>
    <subfield code="l">0</subfield>
    <subfield code="o">THE PS 356 .G58 2024</subfield>
    <subfield code="p">25896/2025</subfield>
    <subfield code="r">2026-05-06 14:25:37</subfield>
    <subfield code="t">C.3</subfield>
    <subfield code="w">2026-05-06</subfield>
    <subfield code="y">THE</subfield>
  </datafield>
  <datafield tag="999" ind1=" " ind2=" ">
    <subfield code="c">21851</subfield>
    <subfield code="d">21851</subfield>
  </datafield>
</record>
